The bristol veterinary handbook of antimicrobial therary

Sparad:
Bibliografiska uppgifter
Huvudupphovsman: Johnston, E.
Materialtyp: Bok
Språk:Undetermined
Publicerad: Evansville, In Bristol-Myers animal health 1987
Ämnen:
Taggar: Lägg till en tagg
Inga taggar, Lägg till första taggen!
Thư viện lưu trữ: Trung tâm Học liệu Trường Đại học Cần Thơ
LEADER 00554nam a2200193Ia 4500
001 CTU_126072
008 210402s9999 xx 000 0 und d
082 |a 636.0896 
082 |b J73 
100 |a Johnston, E. 
245 4 |a The bristol veterinary handbook of antimicrobial therary 
245 0 |c E. Johnston 
260 |a Evansville, In 
260 |b Bristol-Myers animal health 
260 |c 1987 
650 |a Veterinary drugs 
650 |x Handbooks, manuals, etc 
904 |i Hiếu 
980 |a Trung tâm Học liệu Trường Đại học Cần Thơ